Environmental biotechnology (Record no. 164514)
[ view plain ]
| 000 -LEADER | |
|---|---|
| fixed length control field | 00640nam a2200217Ia 4500 |
| 003 - CONTROL NUMBER IDENTIFIER | |
| control field | OSt |
| 005 - DATE AND TIME OF LATEST TRANSACTION | |
| control field | 20260415174129.0 |
| 008 - FIXED-LENGTH DATA ELEMENTS--GENERAL INFORMATION | |
| fixed length control field | 210423s2011 xx 000 0 und d |
| 020 ## - INTERNATIONAL STANDARD BOOK NUMBER | |
| International Standard Book Number | 9789380578477 |
| 040 ## - CATALOGING SOURCE | |
| Transcribing agency | AL |
| 041 ## - LANGUAGE CODE | |
| Language code of text/sound track or separate title | English |
| 082 ## - DEWEY DECIMAL CLASSIFICATION NUMBER | |
| Classification number | 628 |
| Item number | THAE |
| 100 ## - MAIN ENTRY--PERSONAL NAME | |
| Personal name | Indu Shekhar Thakur |
| 9 (RLIN) | 100200 |
| 245 ## - TITLE STATEMENT | |
| Title | Environmental biotechnology |
| Remainder of title | : basic concepts and applications |
| 250 ## - EDITION STATEMENT | |
| Edition statement | 2 |
| 260 ## - PUBLICATION, DISTRIBUTION, ETC. | |
| Place of publication, distribution, etc. | New Delhi |
| Name of publisher, distributor, etc. | I K International Publishing House |
| Date of publication, distribution, etc. | 2011 |
| 300 ## - PHYSICAL DESCRIPTION | |
| Extent | xviii,516p. |
| Other physical details | PB |
| Dimensions | 23.5x17.5cm |
| 365 ## - TRADE PRICE | |
| Price amount | 295 |
| Currency code | INR |
| 906 ## - LOCAL DATA ELEMENT F, LDF (RLIN) | |
| a | applications. ; basic ; biotechnology: ; concepts ; Environmental |
| 942 ## - ADDED ENTRY ELEMENTS (KOHA) | |
| Source of classification or shelving scheme | Dewey Decimal Classification |
| Koha item type | Book |
| Withdrawn status | Lost status | Source of classification or shelving scheme | Damaged status | Not for loan | Collection code | Home library | Current library | Date acquired | Source of acquisition | Cost, normal purchase price | Total Checkouts | Full call number | Barcode | Date last seen | Date last checked out | Price effective from | Koha item type |
|---|---|---|---|---|---|---|---|---|---|---|---|---|---|---|---|---|---|
| Dewey Decimal Classification | Bio Technology | St Aloysius PG Library | St Aloysius PG Library | 07/14/2011 | Athulya Books | 295.00 | 5 | 628 THAE | PG011012 | 01/24/2025 | 01/22/2025 | 04/26/2021 | Book |